[Event "Chigorin Memorial"]
[Site "St Petersburg"]
[Date "2016.10.18"]
[Round "4.22"]
[White "Gubajdullin, Alexei"]
[Black "Stupak, Kirill"]
[Result "0-1"]
[WhiteElo "2367"]
[BlackElo "2564"]
[PlyCount "90"]
[EventDate "2016.10.15"]
[EventType "swiss"]
[EventRounds "9"]
[EventCountry "RUS"]

1. d4 Nf6 2. Bf4 g6 3. e3 Bg7 4. Nf3 O-O 5. Be2 c5 6. c3 d5 7. O-O Nc6 8. Nbd2
Nh5 9. dxc5 Nxf4 10. exf4 d4 11. cxd4 Nxd4 12. Nc4 Qd5 13. Nxd4 Bxd4 14. Rc1
Rd8 15. Nd6 Be6 16. Bf3 Bxf2+ 17. Rxf2 Qxd1+ 18. Rxd1 exd6 19. Rxd6 Rxd6 20.
cxd6 Rd8 21. Rd2 Bxa2 22. Bxb7 Kg7 23. Bc6 Kf6 24. Ba4 Be6 25. Kf2 Bd7 26. Bd1
Rb8 27. g4 g5 28. fxg5+ Kxg5 29. Kg3 Kf6 30. Kh4 h6 31. Kh5 Kg7 32. Be2 Rb4 33.
h3 Re4 34. Kh4 Kf6 35. b3 Kg7 36. Bc4 a5 37. Rf2 f5 38. Re2 Rxe2 39. Bxe2 f4
40. Bd3 Kf6 41. Bf5 Bxf5 42. gxf5 h5 43. d7 Ke7 44. Kxh5 f3 45. Kg6 f2 0-1

[Event "Chigorin Memorial"]
[Site "St Petersburg"]
[Date "2016.10.18"]
[Round "4.23"]
[White "Gordievsky, Dmitry"]
[Black "Shuvalova, Polina"]
[Result "1/2-1/2"]
[WhiteElo "2555"]
[BlackElo "2393"]
[PlyCount "96"]
[EventDate "2016.10.15"]
[EventType "swiss"]
[EventRounds "9"]
[EventCountry "RUS"]

1. Nf3 Nf6 2. g3 g6 3. b3 Bg7 4. Bb2 d5 5. c4 O-O 6. Bg2 c5 7. cxd5 Qxd5 8. Nc3
Qd6 9. Rc1 Bd7 10. O-O Bc6 11. Ba3 e5 12. e3 Bh6 13. Qe2 Nbd7 14. Rfd1 Rfe8 15.
h3 b6 16. d3 Rad8 17. Qf1 Nb8 18. Rb1 Qc7 19. Bb2 Qb7 20. Ne1 Bxg2 21. Qxg2 Nc6
22. a3 Rd7 23. Ba1 Bg7 24. b4 cxb4 25. axb4 b5 26. g4 h6 27. Rdc1 e4 28. dxe4
Bf8 29. g5 hxg5 30. Qxg5 Re6 31. Nf3 a6 32. Qh4 Bg7 33. Ng5 Re8 34. Nd5 Ne5 35.
Bxe5 Rxe5 36. f4 Rxe4 37. Nxf6+ Bxf6 38. Qh7+ Kf8 39. Qh6+ Bg7 40. Qh4 Rxe3 41.
Rc2 Red3 42. Re1 Rd1 43. Rce2 Rxe1+ 44. Rxe1 Qb6+ 45. Kf1 Rd8 46. f5 Qd4 47.
Qxd4 Rxd4 48. fxg6 Bf6 1/2-1/2

[Event "Chigorin Memorial"]
[Site "St Petersburg"]
[Date "2016.10.18"]
[Round "4.24"]
[White "Burmakin, Vladimir"]
[Black "Aguera Naredo, Javier"]
[Result "1-0"]
[WhiteElo "2545"]
[BlackElo "2367"]
[PlyCount "62"]
[EventDate "2016.10.15"]
[EventType "swiss"]
[EventRounds "9"]
[EventCountry "RUS"]

1. d4 Nf6 2. Nf3 g6 3. Bf4 Bg7 4. e3 d6 5. Be2 O-O 6. O-O c5 7. c3 Qb6 8. Nbd2
d5 9. Qb3 Nbd7 10. h3 Qd8 11. a4 a5 12. Bb5 b6 13. Bc6 c4 14. Qa2 Ra7 15. Bb5
Ba6 16. Bxa6 Rxa6 17. b3 cxb3 18. Qxb3 Qa8 19. Rfc1 Rc8 20. c4 dxc4 21. Rxc4
Rxc4 22. Qxc4 Nd5 23. Bg3 Nb4 24. Rc1 Nf8 25. Qb5 Ra7 26. Qxb6 Rb7 27. Qc5 Nd3
28. Qc8 Qxc8 29. Rxc8 Nb2 30. Nc4 Nxa4 31. Nxa5 Nb6 1-0

[Event "Chigorin Memorial"]
[Site "St Petersburg"]
[Date "2016.10.18"]
[Round "4.25"]
[White "Yuffa, Daniil"]
[Black "Sergienko, Sergey"]
[Result "1/2-1/2"]
[WhiteElo "2534"]
[BlackElo "2361"]
[PlyCount "158"]
[EventDate "2016.10.15"]
[EventType "swiss"]
[EventRounds "9"]
[EventCountry "RUS"]

1. d4 Nf6 2. c4 e6 3. g3 c5 4. d5 exd5 5. cxd5 d6 6. Nc3 g6 7. Bg2 Bg7 8. Nf3
O-O 9. O-O a6 10. a4 Re8 11. Nd2 Nbd7 12. h3 Rb8 13. Nc4 Nb6 14. Na3 Bd7 15.
Re1 Qc7 16. e4 Nc8 17. Qd3 Na7 18. Nc4 b5 19. Nxd6 Qxd6 20. Bf4 Qb6 21. Bxb8
Qxb8 22. axb5 Nxb5 23. Na4 Bc8 24. Nxc5 Nd7 25. Nxd7 Bxd7 26. f4 Qb6+ 27. Kh2
Bxb2 28. Ra2 Bg7 29. e5 Rc8 30. Rea1 Rc3 31. Qe2 Bc8 32. d6 h5 33. h4 Qc5 34.
Qf2 Qxf2 35. Rxf2 Kf8 36. Raa2 Ke8 37. Bh3 Bb7 38. Rfc2 Rxc2+ 39. Rxc2 Kd8 40.
Bf1 Bc8 41. Rc6 f6 42. exf6 Bf8 43. Bd3 Bf5 44. Rxa6 Nxd6 45. Bxf5 gxf5 46.
Ra8+ Nc8 47. f7 Kc7 48. Kg2 Kb7 49. Ra5 Ne7 50. Rc5 Kb6 51. Rc1 Nc6 52. Kf3 Kc7
53. Re1 Ne7 54. Ke3 Kd7 55. Kd4 Bg7+ 56. Kc4 Bf8 57. Kc5 Bg7 58. Kc4 Bf8 59.
Re5 Bg7 60. Kd3 Bf8 61. Ke2 Bg7 62. Kf3 Bf8 63. Kg2 Bg7 64. Kh2 Bf8 65. g4 hxg4
66. h5 Bg7 67. Kg3 Kd6 68. Re2 Kd7 69. Re1 Kd6 70. Rh1 Ke6 71. h6 Kxf7 72. hxg7
Kxg7 73. Kh4 Kf6 74. Ra1 Ng6+ 75. Kg3 Nf8 76. Ra6+ Ne6 77. Kh4 Kf7 78. Kh5 Kf6
79. Kh4 Kf7 1/2-1/2

[Event "Chigorin Memorial"]
[Site "St Petersburg"]
[Date "2016.10.18"]
[Round "4.26"]
[White "Sanzhaev, Darsen"]
[Black "Moiseenko, Vadim"]
[Result "0-1"]
[WhiteElo "2353"]
[BlackElo "2528"]
[PlyCount "82"]
[EventDate "2016.10.15"]
[EventType "swiss"]
[EventRounds "9"]
[EventCountry "RUS"]

1. d4 Nf6 2. c4 d6 3. Nc3 Bf5 4. Nf3 g6 5. h3 Bg7 6. Bf4 Ne4 7. Nxe4 Bxe4 8.
Ng5 Bc6 9. d5 Bd7 10. Qd2 Na6 11. Ne4 c6 12. Nc3 Qa5 13. Rc1 cxd5 14. cxd5 b5
15. a3 b4 16. Na2 Rb8 17. e4 Nc5 18. Rxc5 Qxc5 19. Nxb4 Qd4 20. Qxd4 Bxd4 21.
Bc1 Rc8 22. Nc6 Bxc6 23. dxc6 Kd8 24. Bb5 a6 25. Ba4 Kc7 26. Ke2 f5 27. Rd1 e5
28. exf5 gxf5 29. Bd2 Kb6 30. Be3 Bxe3 31. Kxe3 Kc7 32. g3 Rb8 33. Rd2 h5 34.
h4 Rhg8 35. Bd1 Kxc6 36. Bf3+ Kd7 37. Bxh5 Rb3+ 38. Ke2 Rgb8 39. Rd5 Rxb2+ 40.
Kf1 Ra2 41. Rd3 e4 0-1

[Event "Chigorin Memorial"]
[Site "St Petersburg"]
[Date "2016.10.18"]
[Round "4.27"]
[White "Zarubitski, Viachaslau"]
[Black "Xu, Yinglun"]
[Result "0-1"]
[WhiteElo "2340"]
[BlackElo "2526"]
[PlyCount "74"]
[EventDate "2016.10.15"]
[EventType "swiss"]
[EventRounds "9"]
[EventCountry "RUS"]

1. e4 c5 2. Nf3 d6 3. d4 cxd4 4. Nxd4 Nf6 5. Nc3 a6 6. Be3 e6 7. Be2 Be7 8. Qd2
Nc6 9. O-O-O O-O 10. Rhg1 Nxd4 11. Qxd4 Nd7 12. g4 b5 13. g5 Qa5 14. a3 Rb8 15.
Bd2 Qc7 16. f4 d5 17. exd5 Bc5 18. Qd3 Bxg1 19. Rxg1 Nc5 20. Qd4 exd5 21. Kb1
Ne6 22. Qf2 Qc5 23. Qxc5 Nxc5 24. Nxd5 Re8 25. Bf3 Bb7 26. Bb4 Ne6 27. Rf1 Kh8
28. Ba5 Rec8 29. Ne7 Rc4 30. Bh5 Be4 31. Bxf7 Bxc2+ 32. Ka2 Rxf4 33. Rxf4 Nxf4
34. Bb4 Nd3 35. Bc3 Rb7 36. Bf6 gxf6 37. gxf6 Rb8 0-1

[Event "Chigorin Memorial"]
[Site "St Petersburg"]
[Date "2016.10.18"]
[Round "4.28"]
[White "Lintchevski, Daniil"]
[Black "Bartel, Michal"]
[Result "1/2-1/2"]
[WhiteElo "2522"]
[BlackElo "2357"]
[PlyCount "147"]
[EventDate "2016.10.15"]
[EventType "swiss"]
[EventRounds "9"]
[EventCountry "RUS"]

1. Nf3 d5 2. d4 a6 3. e3 Nf6 4. c4 dxc4 5. Bxc4 e6 6. O-O Be7 7. Bd3 Nbd7 8. e4
c5 9. e5 Nd5 10. Nc3 Nxc3 11. bxc3 cxd4 12. cxd4 Nb6 13. Qb3 Nd5 14. Ba3 O-O
15. Bxe7 Qxe7 16. Be4 Rd8 17. Rfc1 b5 18. Rc5 Bb7 19. Rac1 Nf4 20. Qe3 Bxe4 21.
Qxe4 Nd5 22. h4 h6 23. a3 a5 24. Rxb5 Qxa3 25. Qe1 a4 26. Ra1 Qd3 27. Qb1 Qxb1+
28. Rbxb1 Nc3 29. Rb4 Rdb8 30. Rxb8+ Rxb8 31. Kf1 Rb4 32. Ke1 Nb5 33. g3 a3 34.
Kd1 Rb3 35. Nd2 Rd3 36. Kc2 Rxd4 37. Rb1 Rd5 38. Nc4 Kh7 39. h5 Rc5 40. Kd3
Rd5+ 41. Kc2 Nd4+ 42. Kc3 Nf3 43. Nxa3 Rxe5 44. Rb5 Re2 45. Rb7 Ng5 46. f4 Re3+
47. Kb4 Ne4 48. g4 Nf6 49. Rxf7 Re4+ 50. Kc5 Rxf4 51. Kd6 Rxg4 52. Kxe6 Nxh5
53. Nb5 Re4+ 54. Kd5 Re1 55. Nd4 Kg6 56. Rf2 Nf6+ 57. Kc4 h5 58. Nf3 Rc1+ 59.
Kd3 Ng4 60. Ra2 Rc6 61. Ra5 Rd6+ 62. Ke4 Nf6+ 63. Kf4 Kh6 64. Ne5 Nd5+ 65. Kg3
Kh7 66. Nf7 Rg6+ 67. Kh2 Kg8 68. Rxd5 Kxf7 69. Rxh5 Ra6 70. Rb5 Kf6 71. Kg3
Ra3+ 72. Kg4 Ra4+ 73. Kg3 g5 74. Rb8 1/2-1/2

[Event "Chigorin Memorial"]
[Site "St Petersburg"]
[Date "2016.10.18"]
[Round "4.29"]
[White "Matinian, Nikita"]
[Black "Lagashin, Pavel"]
[Result "1/2-1/2"]
[WhiteElo "2495"]
[BlackElo "2212"]
[PlyCount "91"]
[EventDate "2016.10.15"]
[EventType "swiss"]
[EventRounds "9"]
[EventCountry "RUS"]

1. e4 c5 2. Nf3 e6 3. d4 cxd4 4. Nxd4 Nf6 5. Nc3 Nc6 6. Nxc6 bxc6 7. e5 Nd5 8.
Ne4 Qc7 9. f4 Qb6 10. c4 Ne3 11. Qd3 Bb4+ 12. Bd2 Ba6 13. Rc1 Bxc4 14. Rxc4
Nxc4 15. Qxc4 Bxd2+ 16. Nxd2 Qxb2 17. Bd3 Qa1+ 18. Nb1 Rb8 19. O-O Qb2 20. Nc3
Qb6+ 21. Rf2 Qb4 22. Kf1 Ke7 23. Ke1 Qxc4 24. Bxc4 Rb4 25. Bb3 f5 26. h4 g6 27.
g3 h6 28. Rh2 c5 29. Kd1 Rhb8 30. Kc1 Rd4 31. Ne2 Rd3 32. Rg2 c4 33. Bc2 Ra3
34. g4 Rxa2 35. Nc3 Ra3 36. Kd2 d5 37. exd6+ Kxd6 38. h5 gxh5 39. gxf5 exf5 40.
Bxf5 Kc5 41. Rg7 Rbb3 42. Rc7+ Kd4 43. Rd7+ Kc5 44. Rc7+ Kd4 45. Rd7+ Kc5 46.
Rc7+ 1/2-1/2

[Event "Chigorin Memorial"]
[Site "St Petersburg"]
[Date "2016.10.18"]
[Round "4.30"]
[White "Fedotov, Nikita"]
[Black "Soffer, Ram"]
[Result "1/2-1/2"]
[WhiteElo "2302"]
[BlackElo "2475"]
[PlyCount "35"]
[EventDate "2016.10.15"]
[EventType "swiss"]
[EventRounds "9"]
[EventCountry "RUS"]

1. Nf3 Nf6 2. g3 b5 3. Bg2 Bb7 4. O-O e6 5. d4 d5 6. a4 b4 7. a5 Be7 8. Ne5
Nfd7 9. Nd3 Na6 10. Be3 O-O 11. c4 bxc3 12. Nxc3 Rb8 13. Bf4 Ba8 14. Na4 Rb5
15. Nc3 Rb8 16. Na4 Rb5 17. Nc3 Rb8 18. Na4 1/2-1/2

[Event "Chigorin Memorial"]
[Site "St Petersburg"]
[Date "2016.10.18"]
[Round "4.31"]
[White "Kharchenko, Boris"]
[Black "Rozycki, Bartlomiej"]
[Result "1-0"]
[WhiteElo "2464"]
[BlackElo "2170"]
[PlyCount "85"]
[EventDate "2016.10.15"]
[EventType "swiss"]
[EventRounds "9"]
[EventCountry "RUS"]

1. e4 e6 2. d4 d5 3. Nd2 Nf6 4. e5 Nfd7 5. Bd3 c5 6. c3 Nc6 7. Ne2 cxd4 8. cxd4
f6 9. exf6 Nxf6 10. Nf3 Bd6 11. O-O Qc7 12. Bg5 O-O 13. Rc1 Bd7 14. Ng3 Bf4 15.
Bxf4 Qxf4 16. Bb5 Ne4 17. Re1 Rac8 18. Bd3 Ng5 19. Nxg5 Qxg5 20. Bb5 Qf6 21.
Qd2 Nb8 22. Bxd7 Nxd7 23. Qe3 Rxc1 24. Rxc1 e5 25. Ne2 Qb6 26. dxe5 Qxe3 27.
fxe3 Nxe5 28. Nf4 Nc6 29. Nxd5 Rd8 30. e4 Kf7 31. Kf2 Ke6 32. Ke3 Ke5 33. Nf4
Rd7 34. Rc5+ Kf6 35. Rf5+ Ke7 36. Rd5 Rc7 37. Rh5 Kf7 38. Rxh7 Rd7 39. Nd5 Ne5
40. Kd4 Ng4 41. Rh8 Nf6 42. Rc8 Ke6 43. Rc7 1-0

[Event "Chigorin Memorial"]
[Site "St Petersburg"]
[Date "2016.10.18"]
[Round "4.32"]
[White "Dimitrova, Aleksandra"]
[Black "Malakhov, Igor"]
[Result "1/2-1/2"]
[WhiteElo "2269"]
[BlackElo "2456"]
[PlyCount "81"]
[EventDate "2016.10.15"]
[EventType "swiss"]
[EventRounds "9"]
[EventCountry "RUS"]

1. e4 c5 2. Nf3 e6 3. d4 cxd4 4. Nxd4 Nf6 5. Nc3 Nc6 6. Ndb5 Bb4 7. a3 Bxc3+ 8.
Nxc3 d5 9. Bd3 O-O 10. O-O d4 11. Ne2 e5 12. f4 Ng4 13. h3 Ne3 14. Bxe3 dxe3
15. f5 Qb6 16. Qc1 Nd4 17. Kh2 Nxe2 18. Bxe2 Bd7 19. Rf3 Rac8 20. Bd3 Bb5 21.
Bxb5 Qxb5 22. Rxe3 h6 23. c3 Rfd8 24. Qc2 Rd6 25. a4 Qb6 26. Rd3 Rcd8 27. Rad1
Rxd3 28. Rxd3 Rxd3 29. Qxd3 Qxb2 30. Qd8+ Kh7 31. Qd5 f6 32. Qf7 Qxc3 33. Qg6+
Kh8 34. Qe8+ Kh7 35. Qg6+ Kh8 36. Qe8+ Kh7 37. Qg6+ Kh8 38. Qe8+ Kh7 39. Qg6+
Kh8 40. Qe8+ Kh7 41. Qg6+ 1/2-1/2

[Event "Chigorin Memorial"]
[Site "St Petersburg"]
[Date "2016.10.18"]
[Round "4.33"]
[White "Ovchinnikov, Vsevolod"]
[Black "Fier, Alexandr"]
[Result "0-1"]
[WhiteElo "2263"]
[BlackElo "2614"]
[PlyCount "172"]
[EventDate "2016.10.15"]
[EventType "swiss"]
[EventRounds "9"]
[EventCountry "RUS"]

1. d4 Nf6 2. c4 g6 3. Nf3 Bg7 4. Nc3 d5 5. Bf4 c5 6. dxc5 Qa5 7. Qa4+ Qxa4 8.
Nxa4 Ne4 9. Nd2 Bd7 10. Nc3 Nxc3 11. bxc3 Bxc3 12. Rc1 d4 13. e3 Nc6 14. exd4
Bxd4 15. Nb3 Bb2 16. Rb1 Bc3+ 17. Bd2 Bg7 18. Bd3 O-O-O 19. Be4 f5 20. Bd5 e6
21. Bxc6 Bxc6 22. f3 Rd3 23. Ke2 Rhd8 24. Bg5 R8d7 25. Rhd1 Rxd1 26. Rxd1 Rxd1
27. Kxd1 e5 28. Ke2 h6 29. Bc1 g5 30. Bb2 Bd7 31. g3 Be6 32. Nd2 Kd7 33. f4 Kc6
34. fxe5 Kxc5 35. Ba3+ Kc6 36. Bd6 g4 37. Kd3 h5 38. Nb3 Bh6 39. Nd4+ Kd7 40.
Ne2 h4 41. Bc5 b6 42. Bf2 Bf7 43. Nf4 h3 44. Be3 Bf8 45. Kc3 Kc6 46. Nd3 Kb7
47. Nb4 a5 48. Nd3 Be8 49. Kb3 Bc6 50. Nf4 Bg7 51. Bd4 Be4 52. Kc3 Kc6 53. Ng6
Bh6 54. Bf2 Bc1 55. Ne7+ Kd7 56. Ng6 a4 57. Bxb6 Bb1 58. Kb4 Bxa2 59. Kxa4 Bxc4
60. Kb4 Bf7 61. Nf4 Bd2+ 62. Kb5 Bc3 63. Be3 Bxe5 64. Kc5 Bc3 65. Ne2 Bb2 66.
Nf4 Bb3 67. Nd3 Bg7 68. Nf4 Bc3 69. Ne2 Be1 70. Kd4 Bd1 71. Nc3 Bf3 72. Bg1 Ke6
73. Kd3 Bb7 74. Ne2 Ba6+ 75. Ke3 Ba5 76. Nd4+ Kd5 77. Nxf5 Bb6+ 78. Kf4 Bxg1
79. Ne3+ Kd4 80. Nxg4 Bc8 81. Kf3 Bb7+ 82. Kf4 Kd3 83. Ne5+ Ke2 84. Ng4 Kf1 85.
Kg5 Kg2 86. Kh4 Bc8 0-1

[Event "Chigorin Memorial"]
[Site "St Petersburg"]
[Date "2016.10.18"]
[Round "4.34"]
[White "Artemiev, Vladislav"]
[Black "Danielyan, Vahe"]
[Result "1-0"]
[WhiteElo "2663"]
[BlackElo "2270"]
[PlyCount "83"]
[EventDate "2016.10.15"]
[EventType "swiss"]
[EventRounds "9"]
[EventCountry "RUS"]

1. d4 Nf6 2. Nf3 e6 3. Bf4 c5 4. e3 Nc6 5. Nbd2 d5 6. c3 Bd6 7. Bg3 O-O 8. Bd3
Re8 9. Ne5 cxd4 10. exd4 Bxe5 11. dxe5 Nd7 12. Nf3 f5 13. exf6 Qxf6 14. Bc2 g6
15. O-O Nde5 16. Nxe5 Nxe5 17. Qd4 Nd7 18. Qe3 b5 19. Bd3 a6 20. a4 bxa4 21.
Rxa4 e5 22. Rb4 a5 23. Rb5 Qc6 24. Ra1 Bb7 25. Bf1 a4 26. Rd1 a3 27. bxa3 Rxa3
28. Rbxd5 Qxd5 29. Rxd5 Bxd5 30. h3 Nf6 31. Bxe5 Nd7 32. Qc1 Rea8 33. Bd4 Nf8
34. Qg5 R3a5 35. Qf6 Ne6 36. Qh8+ Kf7 37. Qxh7+ Ke8 38. Bf6 R8a7 39. Bb5+ Rxb5
40. Qxa7 Rb7 41. Qe3 Kf7 42. Be5 1-0

[Event "Chigorin Memorial"]
[Site "St Petersburg"]
[Date "2016.10.18"]
[Round "4.35"]
[White "Guzenko, Artem"]
[Black "Aleksandrov, Aleksej"]
[Result "0-1"]
[WhiteElo "2261"]
[BlackElo "2568"]
[PlyCount "68"]
[EventDate "2016.10.15"]
[EventType "swiss"]
[EventRounds "9"]
[EventCountry "RUS"]

1. e4 e5 2. Nf3 Nc6 3. Bb5 a6 4. Ba4 Nf6 5. d3 d6 6. O-O Bd7 7. Nbd2 g6 8. c3
Bg7 9. Re1 O-O 10. Nf1 b5 11. Bc2 a5 12. a3 a4 13. Bb1 Be6 14. Bg5 h6 15. Bh4
Na5 16. N1d2 c5 17. Bc2 Qb6 18. Qe2 Nh5 19. Bg3 Qa6 20. Nh4 Rfe8 21. Qf3 Nxg3
22. hxg3 Qc6 23. Qe2 d5 24. f4 dxe4 25. dxe4 exf4 26. gxf4 Nb3 27. Bxb3 axb3
28. Nhf3 b4 29. axb4 Rxa1 30. Rxa1 cxb4 31. cxb4 Bxb2 32. Rb1 Qc2 33. f5 Bxf5
34. Qc4 Bxe4 0-1

[Event "Chigorin Memorial"]
[Site "St Petersburg"]
[Date "2016.10.18"]
[Round "4.36"]
[White "Polyaninov, Aleksey"]
[Black "Chigaev, Maksim"]
[Result "0-1"]
[WhiteElo "2256"]
[BlackElo "2551"]
[PlyCount "114"]
[EventDate "2016.10.15"]
[EventType "swiss"]
[EventRounds "9"]
[EventCountry "RUS"]

1. d4 g6 2. e4 Bg7 3. Nf3 d6 4. c3 Nf6 5. Bd3 O-O 6. O-O Nc6 7. Re1 e5 8. Nbd2
a6 9. dxe5 dxe5 10. Nc4 Qe7 11. Bg5 h6 12. Bh4 Rd8 13. Qc2 g5 14. Bg3 Nh5 15.
Ne3 Nf4 16. Bc4 Be6 17. Rad1 Rac8 18. b4 Qf6 19. Bb3 Ne7 20. Bxe6 Qxe6 21.
Rxd8+ Rxd8 22. Rd1 Rxd1+ 23. Nxd1 Qc4 24. h4 g4 25. Ne1 Nc6 26. Kh2 h5 27. Ne3
Qe2 28. Qxe2 Nxe2 29. Nd5 Nd8 30. Nd3 c6 31. Ne7+ Kf8 32. Nf5 f6 33. c4 Kf7 34.
f3 gxf3 35. gxf3 Bf8 36. Be1 Ne6 37. Ng3 N2d4 38. Kg2 Kg6 39. Kf2 c5 40. Ne2
Nc2 41. f4 exf4 42. Nexf4+ Nxf4 43. Nxf4+ Kf7 44. bxc5 Bxc5+ 45. Ke2 Nxe1 46.
Kxe1 Bd6 47. Nd3 Bg3+ 48. Ke2 Bxh4 49. Nc5 b5 50. cxb5 axb5 51. a4 b4 52. a5
Bg3 53. a6 Bb8 54. Nd3 b3 55. Kd2 h4 56. Kc3 h3 57. Kxb3 Ba7 0-1

[Event "Chigorin Memorial"]
[Site "St Petersburg"]
[Date "2016.10.18"]
[Round "4.37"]
[White "Rakhmangulova, Anastasiya"]
[Black "Sviridov, Valery"]
[Result "0-1"]
[WhiteElo "2251"]
[BlackElo "2518"]
[PlyCount "70"]
[EventDate "2016.10.15"]
[EventType "swiss"]
[EventRounds "9"]
[EventCountry "RUS"]

1. e4 Nf6 2. e5 Nd5 3. d4 d6 4. Nf3 dxe5 5. Nxe5 c6 6. Be2 g6 7. O-O Bg7 8. c4
Nc7 9. Nc3 c5 10. Qa4+ Nd7 11. Be3 cxd4 12. Bxd4 Ne6 13. Nxd7 Bxd7 14. Bxg7
Bxa4 15. Bxh8 Bc6 16. Be5 Qa5 17. Bg3 Nd4 18. Rfd1 Nxe2+ 19. Nxe2 Rd8 20. Nd4
Qb6 21. Nb3 Rxd1+ 22. Rxd1 Ba4 23. Rd3 Qe6 24. h3 Qe1+ 25. Kh2 Qb1 26. Nc5 Bc6
27. Re3 Qxb2 28. Nd3 Qxa2 29. Bh4 e6 30. Ne5 g5 31. Bxg5 Qxf2 32. Nxc6 bxc6 33.
Rb3 f6 34. Be3 Qc2 35. Rb7 a5 0-1

[Event "Chigorin Memorial"]
[Site "St Petersburg"]
[Date "2016.10.18"]
[Round "4.38"]
[White "Ladva, Ottomar"]
[Black "Ageichenko, Genadi A"]
[Result "1-0"]
[WhiteElo "2513"]
[BlackElo "2261"]
[PlyCount "53"]
[EventDate "2016.10.15"]
[EventType "swiss"]
[EventRounds "9"]
[EventCountry "RUS"]

1. Nf3 d5 2. g3 Nf6 3. Bg2 e6 4. c4 Be7 5. O-O O-O 6. d4 c6 7. Nc3 b6 8. Ne5
Bb7 9. e4 Bb4 10. Bg5 h6 11. Bxf6 Qxf6 12. Rc1 Rd8 13. exd5 cxd5 14. cxd5 exd5
15. Nb5 Na6 16. Nc7 Nxc7 17. Rxc7 Ba6 18. Qb3 Bxf1 19. Kxf1 Rac8 20. Rxc8 Rxc8
21. Bxd5 Bd6 22. Bxf7+ Kh8 23. Ng6+ Kh7 24. Qd3 Rc1+ 25. Kg2 h5 26. Nf8+ Kh6
27. Qh7+ 1-0

[Event "Chigorin Memorial"]
[Site "St Petersburg"]
[Date "2016.10.18"]
[Round "4.39"]
[White "Mamyrbay, Assad"]
[Black "Iljiushenok, Ilia"]
[Result "1/2-1/2"]
[WhiteElo "2246"]
[BlackElo "2505"]
[PlyCount "85"]
[EventDate "2016.10.15"]
[EventType "swiss"]
[EventRounds "9"]
[EventCountry "RUS"]

1. e4 c5 2. Nf3 e6 3. d4 cxd4 4. Nxd4 Nf6 5. Nc3 Nc6 6. Ndb5 Bc5 7. Bf4 O-O 8.
Bc7 Qe7 9. Bd6 Bxd6 10. Qxd6 Ne8 11. Qxe7 Nxe7 12. O-O-O f5 13. e5 Ng6 14. Re1
a6 15. Nd4 b5 16. h4 Bb7 17. h5 Nf4 18. Rh4 g5 19. hxg6 Nxg6 20. Rh3 Rc8 21. b4
Nc7 22. Nb3 Bc6 23. Nc5 Ra8 24. a4 bxa4 25. Rd3 Rfb8 26. Nxd7 Rxb4 27. Nf6+ Kf7
28. Rd6 Be8 29. Nxe8 Kxe8 30. Rc6 Ra7 31. Bc4 Kd7 32. Rc5 a3 33. Na2 Rb2 34.
Ra5 Nb5 35. Bxb5+ Rxb5 36. Rxa3 Rxe5 37. Rd1+ Rd5 38. Rxd5+ exd5 39. Nb4 Kd6
40. Ra5 Ne7 41. Kd2 Ra8 42. Rxa6+ Rxa6 43. Nxa6 1/2-1/2

[Event "Chigorin Memorial"]
[Site "St Petersburg"]
[Date "2016.10.18"]
[Round "4.40"]
[White "Esipenko, Andrey"]
[Black "Markovic, Vojislav"]
[Result "1-0"]
[WhiteElo "2490"]
[BlackElo "2233"]
[PlyCount "101"]
[EventDate "2016.10.15"]
[EventType "swiss"]
[EventRounds "9"]
[EventCountry "RUS"]

1. Nf3 g6 2. d4 Bg7 3. c4 Nf6 4. Nc3 O-O 5. e4 d6 6. h3 Nbd7 7. Be3 e5 8. d5
Nc5 9. Nd2 Nh5 10. g3 a5 11. Be2 Nf6 12. g4 Bd7 13. h4 Qc8 14. g5 Nh5 15. Bxh5
gxh5 16. Bxc5 dxc5 17. Rg1 Bg4 18. f3 Bd7 19. Ne2 Be8 20. Ng3 Qh3 21. Qe2 f5
22. exf5 Rxf5 23. Nxf5 Qxf5 24. O-O-O Bg6 25. Ne4 Rf8 26. Rdf1 Qf4+ 27. Kb1 b6
28. Rh1 Rd8 29. Ka1 Kf7 30. Qd1 Ke7 31. Qa4 Be8 32. Qb3 a4 33. Qd3 Kf8 34. a3
Bg6 35. Qc2 Ra8 36. Qd1 Qf7 37. Qd2 Kg8 38. Nf6+ Bxf6 39. gxf6 Qxf6 40. f4 Rf8
41. f5 Bf7 42. Re1 Qxf5 43. Rhf1 Qh3 44. Qg5+ Bg6 45. Rxf8+ Kxf8 46. Qd8+ Kg7
47. Qxc7+ Kh6 48. Qxe5 Qxh4 49. d6 Qxc4 50. d7 Bf7 51. Qf6+ 1-0

[Event "Chigorin Memorial"]
[Site "St Petersburg"]
[Date "2016.10.18"]
[Round "4.41"]
[White "Abergel, Thal"]
[Black "Saidov, Bilukhadzh"]
[Result "1-0"]
[WhiteElo "2475"]
[BlackElo "2230"]
[PlyCount "47"]
[EventDate "2016.10.15"]
[EventType "swiss"]
[EventRounds "9"]
[EventCountry "RUS"]

1. e4 c5 2. Nc3 Nc6 3. Bb5 Nd4 4. Bc4 d6 5. Nge2 g6 6. O-O Bg7 7. Nxd4 cxd4 8.
Ne2 Nf6 9. d3 Nd7 10. f4 O-O 11. Qe1 Qc7 12. f5 b5 13. Bd5 Bb7 14. Nf4 Ne5 15.
Qg3 Bxd5 16. Nxd5 Qd7 17. f6 exf6 18. Bh6 Ng4 19. Bxg7 Kxg7 20. Qh4 Rfb8 21. h3
Ne3 22. Qxf6+ Kg8 23. Ne7+ Kf8 24. Qxf7# 1-0

[Event "Chigorin Memorial"]
[Site "St Petersburg"]
[Date "2016.10.18"]
[Round "4.42"]
[White "Chernyak, Viktoria"]
[Black "Tran, Tuan Minh"]
[Result "0-1"]
[WhiteElo "2238"]
[BlackElo "2468"]
[PlyCount "64"]
[EventDate "2016.10.15"]
[EventType "swiss"]
[EventRounds "9"]
[EventCountry "RUS"]

1. Nf3 Nf6 2. c4 d6 3. d4 Bg4 4. e3 Nbd7 5. Be2 e5 6. Nc3 Be7 7. O-O O-O 8. a3
c6 9. Qc2 Qc7 10. b4 Rfe8 11. Bb2 Bf8 12. dxe5 dxe5 13. Ng5 Bxe2 14. Nxe2 a5
15. Bc3 axb4 16. axb4 b5 17. c5 h6 18. Ne4 Nd5 19. Nd2 g6 20. e4 Nxc3 21. Qxc3
Bg7 22. Rxa8 Rxa8 23. Ra1 Rd8 24. Ra6 Nf6 25. f3 h5 26. Nf1 h4 27. Qa1 Qd7 28.
Qa2 Qd1 29. Rxc6 Bh6 30. Kf2 Bd2 31. Qa3 Be1+ 32. Ke3 Rd2 0-1

[Event "Chigorin Memorial"]
[Site "St Petersburg"]
[Date "2016.10.18"]
[Round "4.43"]
[White "Kaganskiy, Gleb"]
[Black "Lovkov, Roman"]
[Result "1/2-1/2"]
[WhiteElo "2226"]
[BlackElo "2441"]
[PlyCount "152"]
[EventDate "2016.10.15"]
[EventType "swiss"]
[EventRounds "9"]
[EventCountry "RUS"]

1. Nf3 Nf6 2. c4 c5 3. e3 g6 4. d4 cxd4 5. exd4 d5 6. Nc3 Bg7 7. Be2 O-O 8. O-O
Nc6 9. c5 Ne4 10. h3 b6 11. Bb5 Na5 12. cxb6 Nxc3 13. bxc3 axb6 14. Re1 Ba6 15.
Bxa6 Rxa6 16. Qe2 Ra7 17. Ba3 Re8 18. Bb4 Nc4 19. Nd2 Nxd2 20. Qxd2 Qa8 21. a3
Qc6 22. Rab1 e6 23. Rb3 Bf8 24. Qb2 Bxb4 25. Rxb4 Rc8 26. Rc1 Qa8 27. Ra1 Rac7
28. Rc1 Rc6 29. Rc2 Qa6 30. Rb3 Ra8 31. Rc1 Qa5 32. Rc2 Ra6 33. Rc1 Rc4 34. Kh1
Rc6 35. Kg1 Ra8 36. Rc2 Qa7 37. Rc1 Qc7 38. Rb4 Rc8 39. Rb3 Rc4 40. Qd2 Ra8 41.
Rcb1 Ra6 42. Ra1 Rc6 43. Rab1 Ra4 44. Re1 Qd6 45. Qb2 Rac4 46. Qd2 Qc7 47. Re3
Ra4 48. Re1 Qa7 49. Qb2 Ra6 50. Rb1 Rc8 51. Ra1 Ra8 52. Kh1 Qc7 53. Kg1 Qc6 54.
Kh1 Kg7 55. Kg1 Rc8 56. Rc1 Qd6 57. Re1 Ra4 58. Ra1 Rc6 59. Re1 Rac4 60. Re3
Qc7 61. Qd2 h5 62. Kh1 Ra4 63. Re1 Rcc4 64. Kg1 Ra6 65. Ra1 Ra8 66. Re1 Qc6 67.
Qb2 Qa4 68. Ra1 Qa5 69. Rd1 Qa6 70. Ra1 Rc6 71. Rc1 Kg8 72. Qd2 Qa7 73. Qb2 Qc7
74. Re1 Ra4 75. Kh1 Rac4 76. Re3 Qd6 1/2-1/2

[Event "Chigorin Memorial"]
[Site "St Petersburg"]
[Date "2016.10.18"]
[Round "4.44"]
[White "Kozionov, Kirill"]
[Black "Artamonov, Valery"]
[Result "1-0"]
[WhiteElo "2439"]
[BlackElo "2223"]
[PlyCount "99"]
[EventDate "2016.10.15"]
[EventType "swiss"]
[EventRounds "9"]
[EventCountry "RUS"]

1. e4 c5 2. Nf3 Nc6 3. d4 cxd4 4. Nxd4 e5 5. Nb5 d6 6. N1c3 a6 7. Na3 b5 8. Nd5
Rb8 9. c4 b4 10. Nc2 Be7 11. Bd3 Nf6 12. O-O O-O 13. Nce3 Nd4 14. Nxe7+ Qxe7
15. f3 a5 16. Kh1 Be6 17. Nd5 Nxd5 18. exd5 Bd7 19. Be3 Rfe8 20. Qd2 Nf5 21.
Ba7 Rb7 22. Bf2 Qf6 23. Rae1 Ne7 24. Be3 Bf5 25. Be4 Nc8 26. Qd3 g6 27. Rc1 Bd7
28. g4 Qd8 29. Rg1 Nb6 30. b3 Bc8 31. c5 dxc5 32. Rxc5 Nd7 33. Rc6 Nf6 34. Qd2
Rd7 35. Bb6 Nxe4 36. fxe4 Qh4 37. Bxa5 Ra7 38. Bb6 Bxg4 39. Rxg4 Qxg4 40. Bxa7
Qxe4+ 41. Qg2 Qd3 42. Rc2 e4 43. Rd2 Qc3 44. Bg1 f5 45. d6 Qc6 46. Be3 Qc1+ 47.
Qg1 Qc6 48. Qg5 Qd7 49. Qf6 Re6 50. Qxe6+ 1-0